Nguyên lý thiết kế cấu tạo các công trình kiến trúc /
Khái niệm chung về cấu tạo kiến trúc; Cấu tạo móng nhà, tường nhà, mái nhà, cửa, sàn, cầu thang phần cơ bản và phần chuyên sâu ....
Saved in:
| Main Author: | |
|---|---|
| Other Authors: | , |
| Format: | Book |
| Language: | Vietnamese |
| Published: |
Hà Nội :
Xây dựng,
1994.
|
| Subjects: | |
| Tags: |
Add Tag
No Tags, Be the first to tag this record!
|
| Institutions: | Mạng thư viện Đại học Đà Nẵng |
|---|
| LEADER | 01414cam a2200385 a 4500 | ||
|---|---|---|---|
| 001 | 000044515 | ||
| 003 | 2915 | ||
| 005 | 20060216110952.0 | ||
| 008 | 010220b1994 vm 000 vie | ||
| 020 | |c 20000 | ||
| 040 | |a LRC |c LRC |d LRC | ||
| 041 | 0 | |a vie | |
| 082 | 1 | 4 | |a 690.1 |b PH-H |
| 100 | 1 | |a Phan Tấn Hài. | |
| 245 | 1 | 0 | |a Nguyên lý thiết kế cấu tạo các công trình kiến trúc / |c Phan Tấn Hài, Võ Đình Diệp, Cao Xuân Lương. |
| 260 | |a Hà Nội : |b Xây dựng, |c 1994. | ||
| 300 | |a 318 tr. ; |c 27 cm. | ||
| 520 | 3 | |a Khái niệm chung về cấu tạo kiến trúc; Cấu tạo móng nhà, tường nhà, mái nhà, cửa, sàn, cầu thang phần cơ bản và phần chuyên sâu .... | |
| 630 | 0 | 4 | |a Kiến trúc phong cảnh. |
| 630 | 0 | 4 | |a Thiết kế. |
| 650 | 0 | 4 | |a Công trình kiến trúc |x Thiết kế. |
| 700 | 1 | |a Võ Đình Diệp. | |
| 700 | 1 | |a Cao Xuân Lương. | |
| OWN | |a DUT | ||
| AVA | |a UDN50 |b DUT |c Book |d 690.1 PH-H |e check_holdings |t Error 5003 Not defined in file expand_doc_bib_avail. |h N |j SH |k 1 | ||
| 999 | |a From the UDN01 | ||
| AVA | |a UDN50 |b DUT |c Book |d 690.1 PH-H |e available |t Error 5001 Not defined in file expand_doc_bib_avail. |f 18 |g 2 |h N |i 1 |j SH |k 1 | ||
| TYP | |a Monograph | ||
| TYP | |a Printed language | ||
| 980 | |a Mạng thư viện Đại học Đà Nẵng | ||